Central Library OPAC University of Rajshahi

Pulse, digital, and switching waveforms : (Record no. 13660)

MARC details
000 -LEADER
fixed length control field 00963nam a2200289 4500
001 - CONTROL NUMBER
control field 13660
003 - CONTROL NUMBER IDENTIFIER
rucl marc code BD-RUCL
005 - DATE AND TIME OF LATEST TRANSACTION
control field 20211208235506.0
008 - FIXED-LENGTH DATA ELEMENTS--GENERAL INFORMATION
fixed length control field 140201s1965 us a b 000 0 eng d
020 ## - INTERNATIONAL STANDARD BOOK NUMBER
International Standard Book Number 070423865
035 ## - SYSTEM CONTROL NUMBER
System control number (BD-RUCL)13712
040 ## - CATALOGING SOURCE
Original cataloging agency BD-RjUL
Language of cataloging eng
Transcribing agency BD-RjUL
041 ## - LANGUAGE CODE
Language code of text/sound track or separate title eng
082 ## - DEWEY DECIMAL CLASSIFICATION NUMBER
Edition number 21
Classification number 621.3815
Author mark and year MIP 1965
100 1# - MAIN ENTRY--PERSONAL NAME
Personal name Millman, Jacob,
Dates associated with a name 1911-1991.
9 (RLIN) 42753
245 10 - TITLE STATEMENT
Title Pulse, digital, and switching waveforms :
Remainder of title devices and circuits for their generation and processing /
Statement of responsibility, etc. by Jacob Millman and Herbert Taub
250 ## - EDITION STATEMENT
Edition statement International students ed.
260 ## - PUBLICATION, DISTRIBUTION, ETC. (IMPRINT)
Place of publication, distribution, etc. London :
Name of publisher, distributor, etc. McGraw-Hill ;
Date of publication, distribution, etc. c1965
300 ## - PHYSICAL DESCRIPTION
Pagination xiv, 958 p :
Illustrations ill ;
Size 24 cm
504 ## - BIBLIOGRAPHY, ETC. NOTE
Bibliography, etc Includes bibliographical references and index
650 #0 - SUBJECT ADDED ENTRY--TOPICAL TERM
Topical term or geographic name as entry element Electronic circuits
9 (RLIN) 38587
Topical term or geographic name as entry element Delay lines.
9 (RLIN) 41781
Topical term or geographic name as entry element Switching circuits
9 (RLIN) 39282
700 1# - ADDED ENTRY--PERSONAL NAME
Personal name Taub, Herbert, Joint author
Dates associated with a name 1918- ,
942 ## - ADDED ENTRY ELEMENTS (KOHA)
Source of classification or shelving scheme Dewey Decimal Classification
Koha item type Books
Holdings
Lost status Source of classification or shelving scheme Damaged status Not for loan Collection code Permanent Location Current Location Shelving location Date acquired Source of acquisition Total Checkouts Full call number Date last seen Copy number Koha item type Date checked out
  Dewey Decimal Classification   Not For Loan Non-fiction Central Library, University of Rajshahi Central Library, University of Rajshahi Reading Room 09/09/2008 Administrator, Gift   621.3815 MIP 1965 01/02/2014 C-1 Books  
  Dewey Decimal Classification     Non-fiction Central Library, University of Rajshahi Central Library, University of Rajshahi   10/12/1973 U.S. Govt. 1 621.3815 MIP 1965 12/12/2023 C-2 Books 04/12/2023
  Dewey Decimal Classification     Non-fiction Central Library, University of Rajshahi Central Library, University of Rajshahi   10/12/1973 U.S. Govt.   621.3815 MIP 1965 19/02/2019 C-3 Books